[Event "GER-chT U14"]
[Site "Willingen"]
[Date "2022.08.16"]
[Round "7.2"]
[White "Kommessin, Felix"]
[Black "Menne, Lukas"]
[Result "1-0"]
[WhiteElo "1536"]
[BlackElo "1190"]
[PlyCount "77"]
[EventDate "2022.08.13"]
[EventType "team-swiss"]
[EventRounds "7"]
[EventCountry "GER"]
[SourceTitle "EXT 2023"]
[Source "ChessBase"]
[SourceDate "2022.10.05"]
[SourceVersion "1"]
[SourceVersionDate "2022.10.05"]
[SourceQuality "1"]
[WhiteTeam "Brackel"]
[BlackTeam "Barnim"]
[WhiteTeamCountry "GER"]
[BlackTeamCountry "GER"]

1. e4 d5 2. exd5 Qxd5 3. Nc3 Qa5 4. Nf3 c6 5. Be2 Nf6 6. 0-0 Bf5 7. b4 Qc7 8. b5 e6 9. a4 c5 10. d3 Bd6 11. h3 Nbd7 12. Be3 0-0 13. Qd2 Ne5 14. a5 Nxf3+ 15. Bxf3 Rab8 16. Rfe1 Rfd8 17. b6 axb6 18. Nb5 Qd7 19. Nxd6 Qxd6 20. Bf4 Qf8 21. Bxb8 Rxb8 22. axb6 Nd7 23. Reb1 Ne5 24. Qf4 f6 25. Be4 g5 26. Qe3 Bxe4 27. Qxe4 Qg7 28. Qe1 g4 29. hxg4 Qxg4 30. Qe4 Nf3+ 31. Qxf3 Qxf3 32. gxf3 Kg7 33. Ra7 h5 34. Rba1 c4 35. dxc4 Rd8 36. Rxb7+ Kg6 37. Rc7 h4 38. b7 h3 39. Rc8 1-0

[Event "GER-chT U14"]
[Site "Willingen"]
[Date "2022.08.13"]
[Round "2.3"]
[White "Kommessin, Felix"]
[Black "Soekler, Jakob"]
[Result "1-0"]
[WhiteElo "1536"]
[BlackElo "1571"]
[PlyCount "39"]
[EventDate "2022.08.13"]
[EventType "team-swiss"]
[EventRounds "7"]
[EventCountry "GER"]
[SourceTitle "EXT 2023"]
[Source "ChessBase"]
[SourceDate "2022.10.05"]
[SourceVersion "1"]
[SourceVersionDate "2022.10.05"]
[SourceQuality "1"]
[WhiteTeam "Brackel"]
[BlackTeam "Stuttgart SF"]
[WhiteTeamCountry "GER"]
[BlackTeamCountry "GER"]

1. e4 c6 2. d4 d5 3. exd5 cxd5 4. c4 Nf6 5. Nc3 g6 6. Bg5 dxc4 7. Bxc4 Bg7 8. Nf3 0-0 9. 0-0 Bf5 10. Qd2 Ne4 11. Nxe4 Bxe4 12. Rfe1 Bxf3 13. Bxe7 Qc7 14. Bxf8 Bxf8 15. gxf3 Qxc4 16. Rac1 Qd5 17. Rc8 Kg7 18. Rxf8 Nc6 19. Rxa8 Nxd4 20. Qc3 1-0